Recovery risk and labor costs in public private partnerships: Contractual choice in the US water industry (Record no. 100707)

000 -LEADER
fixed length control field 00517pab a2200181 454500
008 - FIXED-LENGTH DATA ELEMENTS--GENERAL INFORMATION
fixed length control field 180718b2013 xxu||||| |||| 00| 0 eng d
100 ## - MAIN ENTRY--PERSONAL NAME
Personal name Albalate, Daniel
245 ## - TITLE STATEMENT
Title Recovery risk and labor costs in public private partnerships: Contractual choice in the US water industry
260 ## - PUBLICATION, DISTRIBUTION, ETC.
Date of publication, distribution, etc. 2013
300 ## - PHYSICAL DESCRIPTION
Extent p.332-351.
362 ## - DATES OF PUBLICATION AND/OR SEQUENTIAL DESIGNATION
Dates of publication and/or sequential designation Jun
650 ## - SUBJECT ADDED ENTRY--TOPICAL TERM
Topical term or geographic name entry element Public private partnerships
700 ## - ADDED ENTRY--PERSONAL NAME
Personal name Geddes, Richard
700 ## - ADDED ENTRY--PERSONAL NAME
Personal name Bel, Germa
773 ## - HOST ITEM ENTRY
Main entry heading Local Government Studies
908 ## - PUT COMMAND PARAMETER (RLIN)
Put command parameter N
909 ## -
-- 100708
Holdings
Withdrawn status Lost status Damaged status Not for loan Permanent Location Current Location Date acquired Serial Enumeration / chronology Barcode Date last seen Price effective from Koha item type
        Indian Institute of Public Administration Indian Institute of Public Administration 2018-07-19 Volume no: 39, Issue no: 3 AR101168 2018-07-19 2018-07-19 Articles

Powered by Koha